Country that occupied by axis power - Statistics

General Stats
  • This quiz has been taken 10 times
  • The average score is 31 of 53
Answer Stats
Year Country % Correct
1938 Austria
100%
1940 Belgium
100%
1940 France
100%
1941 Hungary
100%
1940 Netherlands
100%
1941 Indonesia
90%
1919 Marshall islands
90%
1940 Norway
90%
1939 Poland
90%
1941 Romania
90%
1895 Taiwan
90%
1941 Yugoslavia
90%
1940 Denmark
80%
1939 Finland
80%
1942 Greece
80%
1925 Italy
80%
1942 Singapore
80%
1941 Solomon islands
80%
1910 South korea
80%
1940 Vietnam
80%
1941 Albania
70%
1941 Bulgaria
70%
1910 North Korea
70%
1914 Palau
70%
1943 San Marino
70%
1942 Soviet union
70%
1940 Thailand
70%
1940 Algeria
60%
1941 Kiribati
60%
1942 Libya
60%
1940 Malta
60%
1942 Monaco
60%
1940 Morocco
60%
1941 Myanmar
60%
1942 Nauru
60%
1941 Philippines
60%
1939 Czechoslovakia
50%
1940 Luxembourg
50%
1914 Micronesia
50%
1940 Tunisia
50%
1942 Fiji
40%
1941 Malaya
20%
1931 Manchuria
20%
1939 Danzig
10%
1941 Guam
10%
1942 New guinea
10%
1941 Borneo
0%
1937 East china
0%
1941 Hongkong
0%
1936 Rhineland
0%
1905 South Sakhalin
0%
1942 Timor
0%
1942 Wake
0%
No matching quizzes found
Score Distribution
Percent of People with Each Score
Percentile by Number Answered
Your Score History
You have not taken this quiz